00399nam a22001337a 4500008004100000040005500041080001600096100001600112245004900128260004700177300001600224650001200240653001300252230427b |||||||| |||| 00| 0 eng d aNational Science LibrarycNational Science Library a530.145bN2 aMisra, S P  aIntroduction supersymmetry and supergravity  aNew Delhi: bWiley Eastern Limited, c1992 axvi, 240p.  aScience aGravity